000 00374nam a22001457a 4500
003 MACL
005 20190420161113.0
008 190420b xxu||||| |||| 00| 0 eng d
040 _cMACL
100 _asengupta, GAUTAM
_97468
245 _aMyriad - Minded Shaw (Politics War and History)
260 _aDelhi
_bPHI Learing
_c2016
650 _aHistory
_974326
942 _2ddc
_cBK
999 _c59387
_d59387